Khristian Thugin Poimawte: (Record no. 5343)

MARC details
000 -LEADER
fixed length control field 00545nam a22001817a 4500
003 - CONTROL NUMBER IDENTIFIER
control field GBCCL
005 - DATE AND TIME OF LATEST TRANSACTION
control field 20241126110539.0
008 - FIXED-LENGTH DATA ELEMENTS--GENERAL INFORMATION
fixed length control field 180315b ||||| |||| 00| 0 eng d
040 ## - CATALOGING SOURCE
Transcribing agency gbc
082 ## - DEWEY DECIMAL CLASSIFICATION NUMBER
Classification number VER 230
Item number TUN
100 ## - MAIN ENTRY--PERSONAL NAME
Personal name Tungnung,Henkhothang
9 (RLIN) 9631
245 ## - TITLE STATEMENT
Title Khristian Thugin Poimawte:
Remainder of title The Fundamentals of Christian Faith /
Statement of responsibility, etc. Henkhothang Tungnung
260 ## - PUBLICATION, DISTRIBUTION, ETC.
Place of publication, distribution, etc. Churachandpur:
Name of publisher, distributor, etc. Zomi Colony Bible Church,
Date of publication, distribution, etc. 2005
300 ## - PHYSICAL DESCRIPTION
Extent 326 p.;
Dimensions 21 cm.
650 ## - SUBJECT ADDED ENTRY--TOPICAL TERM
Topical term or geographic name entry element Christian Doctrines
9 (RLIN) 9632
650 ## - SUBJECT ADDED ENTRY--TOPICAL TERM
Topical term or geographic name entry element Theology
9 (RLIN) 631
942 ## - ADDED ENTRY ELEMENTS (KOHA)
Source of classification or shelving scheme Dewey Decimal Classification
Koha item type Books
Koha issues (borrowed), all copies 2
Holdings
Withdrawn status Lost status Source of classification or shelving scheme Damaged status Not for loan Collection Home library Current Library Shelving location Date acquired Total checkouts Full call number Barcode Date last seen Copy number Price effective from Koha item type Date last checked out
    Dewey Decimal Classification       GRACE BIBLE COLLEGE GRACE BIBLE COLLEGE Vernacular 2018-03-15   VER 230 TUN 006943 2025-05-01 c.1 2018-03-15 Books  
    Dewey Decimal Classification       GRACE BIBLE COLLEGE GRACE BIBLE COLLEGE Vernacular 2018-09-18 2 VER 230 TUN 003888 2025-05-01 c.2 2018-09-18 Books 2022-11-16
© Grace Bible College Library 2025